[Event "CS Province-ch"]
[Site "Amantea"]
[Date "2007.01.06"]
[Round "2"]
[White "Gad, Alessandro"]
[Black "Pizzuto, Maurizio"]
[Result "1/2-1/2"]
[WhiteElo "1410"]
[BlackElo "1724"]
[PlyCount "66"]
[EventDate "2007.01.05"]
[EventType "swiss"]
[EventRounds "5"]
[EventCountry "ITA"]
[SourceTitle "EXT 2010"]
[Source "ChessBase"]
[SourceDate "2010.11.25"]
[SourceVersion "1"]
[SourceVersionDate "2010.11.25"]
[SourceQuality "1"]

1. e4 c6 2. d3 d5 3. Nd2 dxe4 4. dxe4 g6 5. f4 Bg7 6. Ngf3 Bg4 7. Bc4 e6 8. e5 Ne7 9. Qe2 Nf5 10. Qf2 Bxf3 11. Nxf3 0-0 12. a4 Qc7 13. g4 Ne7 14. a5 Rd8 15. Be3 Nd5 16. Bd2 Bf8 17. 0-0 Nd7 18. Bxd5 cxd5 19. Be3 Nc5 20. b4 Ne4 21. Qe1 Rdc8 22. Nd4 a6 23. Kh1 Qc4 24. f5 Bxb4 25. Qh4 Qc3 26. Qh6 Bf8 27. Qf4 g5 28. Qf3 h6 29. fxe6 fxe6 30. Qf7+ Kh8 31. Qg6 Qxe3 32. Rxf8+ Rxf8 33. Qxh6+ Kg8 1/2-1/2